[Event "2. Cerrado Club de Ajedrez Villaverde 2"]
[Site "Madrid ESP"]
[Date "2007.10.29"]
[Round "5.3"]
[White "Lopez de Turiso, Jose Angel"]
[Black "Alonso Abad, Enrique"]
[Result "1-0"]
[WhiteElo "2138"]
[BlackElo "2122"]
[PlyCount "43"]
[EventDate "2007.10.22"]
[EventType "tourn"]
[EventRounds "9"]
[EventCountry "ESP"]
[Source "lmi"]
[SourceDate "2007.10.22"]
[WhiteTeam "España"]
[BlackTeam "España"]
[WhiteTeamCountry "ESP"]
[BlackTeamCountry "ESP"]

1. d4 d5 2. c4 c6 3. cxd5 cxd5 4. Nc3 Nc6 5. e4 dxe4 6. d5 Ne5 7. Qa4+ Bd7 8.
Qxe4 Ng6 9. Nb5 Qb6 10. Be3 Qa5+ 11. b4 Nf6 12. bxa5 Nxe4 13. Nc7+ Kd8 14. Nxa8
e6 15. Rb1 Nc3 16. Rxb7 Nxd5 17. Rb8+ Bc8 18. Bxa7 Bb4+ 19. Kd1 Bxa5 20. Nb6
Nc3+ 21. Kc2 Kc7 22. Rxc8+ 1-0

[Event "2. Cerrado Club de Ajedrez Villaverde 2"]
[Site "Madrid ESP"]
[Date "2007.10.29"]
[Round "5.4"]
[White "Ballesteros, David"]
[Black "Sanchez Garcia, Aurelio"]
[Result "1-0"]
[WhiteElo "2210"]
[BlackElo "2120"]
[PlyCount "85"]
[EventDate "2007.10.22"]
[EventType "tourn"]
[EventRounds "9"]
[EventCountry "ESP"]
[Source "lmi"]
[SourceDate "2007.10.22"]
[WhiteTeam "España"]
[BlackTeam "España"]
[WhiteTeamCountry "ESP"]
[BlackTeamCountry "ESP"]

1. d4 Nf6 2. c4 Nc6 3. d5 Ne5 4. e3 e6 5. dxe6 fxe6 6. Bd2 Be7 7. Bc3 Nf7 8.
Bd3 O-O 9. Nf3 b6 10. Qc2 h6 11. Nh4 Nh8 12. Nd2 Bb7 13. O-O-O Ne4 14. Bxe4
Bxe4 15. Qxe4 Bxh4 16. Nf3 Bf6 17. Bxf6 Rxf6 18. Rxd7 Qxd7 19. Qxa8+ Rf8 20.
Qe4 Nf7 21. Rd1 Nd6 22. b3 Rf5 23. Qc2 Qf7 24. e4 Ra5 25. e5 Qf4+ 26. Kb2 Nf7
27. Rd4 Qf5 28. Qxf5 exf5 29. Rd5 g5 30. e6 Nd6 31. Ne5 Rxd5 32. cxd5 Kf8 33.
f3 a5 34. Kc3 Ke7 35. Nc4 Ne8 36. Kd4 Kf6 37. g3 Ng7 38. a4 Ne8 39. Ne5 Nd6 40.
Nd7+ Ke7 41. Ke5 b5 42. axb5 Nxb5 43. Nb8 1-0

[Event "2. Cerrado Club de Ajedrez Villaverde 2"]
[Site "Madrid ESP"]
[Date "2007.10.29"]
[Round "5.5"]
[White "Pastor Alonso De Prado, Alberto"]
[Black "Suarez Trigueros, Alfonso J"]
[Result "1-0"]
[WhiteElo "2145"]
[BlackElo "2173"]
[PlyCount "95"]
[EventDate "2007.10.22"]
[EventType "tourn"]
[EventRounds "9"]
[EventCountry "ESP"]
[Source "lmi"]
[SourceDate "2007.10.22"]
[WhiteTeam "España"]
[BlackTeam "España"]
[WhiteTeamCountry "ESP"]
[BlackTeamCountry "ESP"]

1. e4 e6 2. d4 d5 3. Nd2 dxe4 4. Nxe4 Nd7 5. Nf3 Ngf6 6. Nxf6+ Nxf6 7. c3 Be7
8. Bd3 O-O 9. O-O b6 10. Qe2 Bb7 11. Re1 c5 12. dxc5 bxc5 13. c4 Qc7 14. Ne5
Bd6 15. b3 Nd7 16. f4 Rad8 17. Bb2 Bxe5 18. fxe5 Nb8 19. Rad1 Qc6 20. Qf2 Rd7
21. Be4 Qc7 22. Bxb7 Qxb7 23. Qxc5 Rfd8 24. Rd6 Rxd6 25. exd6 Nd7 26. Qg5 Qb6+
27. Kh1 f6 28. Qg3 e5 29. Qd3 Qc6 30. Rd1 g6 31. h3 Kf7 32. b4 e4 33. Qb3 Kg7
34. c5 Re8 35. Bd4 a6 36. Qc3 Re6 37. Qc4 Rxd6 38. Rc1 Re6 39. a4 Ne5 40. Bxe5
Rxe5 41. b5 axb5 42. axb5 Qc7 43. c6 Re8 44. Rd1 Re7 45. Qc5 e3 46. b6 e2 47.
Re1 Qc8 48. Qxe7+ 1-0

[Event "2. Cerrado Club de Ajedrez Villaverde 2"]
[Site "Madrid ESP"]
[Date "2007.10.31"]
[Round "6.1"]
[White "Vazquez Gonzalez, Jesus"]
[Black "Suarez Trigueros, Alfonso J"]
[Result "1/2-1/2"]
[WhiteElo "2049"]
[BlackElo "2173"]
[PlyCount "103"]
[EventDate "2007.10.22"]
[EventType "tourn"]
[EventRounds "9"]
[EventCountry "ESP"]
[Source "lmi"]
[SourceDate "2007.10.22"]
[WhiteTeam "España"]
[BlackTeam "España"]
[WhiteTeamCountry "ESP"]
[BlackTeamCountry "ESP"]

1. e4 e6 2. d3 d5 3. Nd2 b6 4. Ngf3 Nf6 5. g3 dxe4 6. dxe4 Bb7 7. e5 Nfd7 8.
Bb5 a6 9. Bxd7+ Nxd7 10. O-O Nc5 11. Qe2 Qd5 12. b4 Ne4 13. c4 Qc6 14. b5 axb5
15. cxb5 Qd5 16. Nxe4 Qxe4 17. Qxe4 Bxe4 18. Nd4 Ra4 19. Be3 Bc5 20. Rfd1 Bxd4
21. Rxd4 Rxd4 22. Bxd4 Kd7 23. Bc3 Ra8 24. a4 Kc8 25. f4 Bc2 26. a5 bxa5 27.
Rxa5 Rxa5 28. Bxa5 Bd3 29. b6 c5 30. Kf2 Kb7 31. Ke3 Bc4 32. g4 Ka6 33. h4 Bd5
34. b7 Bxb7 35. Bc3 Kb5 36. g5 Bg2 37. Kd2 Kc4 38. Bb2 Bh3 39. Bc3 h6 40. Bb2
Bg4 41. Bc3 Kb5 42. Ke3 Bf5 43. Kd2 Kc6 44. Ke3 Kd7 45. Ba5 Bg6 46. Bb6 Kc6 47.
Ba5 h5 48. Bd2 Kd5 49. Bc3 Bf5 50. Bb2 Kc4 51. Kd2 Bg4 52. Bc3 1/2-1/2

[Event "2. Cerrado Club de Ajedrez Villaverde 2"]
[Site "Madrid ESP"]
[Date "2007.10.31"]
[Round "6.2"]
[White "Sanchez Garcia, Aurelio"]
[Black "Pastor Alonso De Prado, Alberto"]
[Result "1/2-1/2"]
[WhiteElo "2120"]
[BlackElo "2145"]
[PlyCount "146"]
[EventDate "2007.10.22"]
[EventType "tourn"]
[EventRounds "9"]
[EventCountry "ESP"]
[Source "lmi"]
[SourceDate "2007.10.22"]
[WhiteTeam "España"]
[BlackTeam "España"]
[WhiteTeamCountry "ESP"]
[BlackTeamCountry "ESP"]

1. e4 e5 2. Bc4 Nf6 3. d3 Nc6 4. Nf3 d6 5. a4 Be7 6. O-O O-O 7. c3 h6 8. a5 a6
9. Qb3 b6 10. axb6 cxb6 11. Qd1 Bb7 12. Re1 Qc7 13. Nbd2 Rfe8 14. Nf1 b5 15.
Ba2 Bf8 16. Ng3 Rad8 17. Nh4 Ne7 18. Qf3 d5 19. Bxh6 Nxe4 20. dxe4 gxh6 21. Nh5
Bg7 22. Qg3 Ng6 23. Nxg6 fxg6 24. Qxg6 Qf7 25. Qxg7+ Qxg7 26. Nxg7 Kxg7 27.
Bxd5 Bxd5 28. exd5 Rxd5 29. Rxa6 Rd2 30. b4 Rf8 31. Rf1 Rc8 32. Re6 Rd5 33. g3
Kf7 34. Rxh6 Rxc3 35. Ra1 Kg7 36. Rb6 Rc7 37. Ra2 e4 38. Kf1 Rf5 39. Ke2 Rc4
40. Ra7+ Kg8 41. Rb8+ Rf8 42. Rxb5 Rc2+ 43. Ke3 Rcxf2 44. Rg5+ Kh8 45. Rh5+ Kg8
46. Rah7 R8f3+ 47. Kxe4 Rb3 48. Rb7 Rfb2 49. Rc5 Rxb4+ 50. Rxb4 Rxb4+ 51. Kf5
Rb3 52. Kg4 Rb4+ 53. Kh5 Rb3 54. Rg5+ Kh7 55. h4 Ra3 56. g4 Ra7 57. Rb5 Rg7 58.
Rb6 Ra7 59. Rb5 Rg7 60. Ra5 Rc7 61. Kg5 Rg7+ 62. Kf4 Rf7+ 63. Rf5 Ra7 64. h5
Ra4+ 65. Kg5 Kg7 66. Rb5 Ra7 67. h6+ Kg8 68. Kg6 Ra6+ 69. Kh5 Ra8 70. Rb7 Ra5+
71. g5 Ra8 72. h7+ Kh8 73. g6 Ra5+ 1/2-1/2

[Event "2. Cerrado Club de Ajedrez Villaverde 2"]
[Site "Madrid ESP"]
[Date "2007.10.31"]
[Round "6.3"]
[White "Alonso Abad, Enrique"]
[Black "Ballesteros, David"]
[Result "0-1"]
[WhiteElo "2122"]
[BlackElo "2210"]
[PlyCount "104"]
[EventDate "2007.10.22"]
[EventType "tourn"]
[EventRounds "9"]
[EventCountry "ESP"]
[Source "lmi"]
[SourceDate "2007.10.22"]
[WhiteTeam "España"]
[BlackTeam "España"]
[WhiteTeamCountry "ESP"]
[BlackTeamCountry "ESP"]

1. d4 Nf6 2. Nf3 c5 3. d5 b5 4. e3 Bb7 5. c4 b4 6. Bd3 d6 7. O-O g6 8. b3 Bg7
9. Bb2 O-O 10. Nbd2 Nbd7 11. h3 a5 12. a4 e6 13. e4 e5 14. g4 h5 15. Nh2 Bh6
16. Ndf3 Bf4 17. Bc1 hxg4 18. hxg4 Nh7 19. Bxf4 exf4 20. Qd2 Qf6 21. Ra2 Ng5
22. Qb2 Ne5 23. Nxe5 dxe5 24. f3 Kg7 25. Qa1 Rh8 26. Rg2 Rh7 27. Kf2 Rah8 28.
Kg1 Rh3 29. Qe1 R8h7 30. Bc2 Bc8 31. Bd1 Kg8 32. Qf2 Qd6 33. Qe1 Kf8 34. Be2
Ke7 35. Bd1 Kd7 36. Be2 Qf6 37. Bd1 Kd6 38. Qf2 Qh8 39. Qd2 Rg3 40. Kh1 Bxg4
41. fxg4 Nxe4 42. Qc2 Rxg2 43. Qxg2 Rxh2+ 44. Qxh2 Ng3+ 45. Kg2 Qxh2+ 46. Kxh2
Nxf1+ 47. Kg1 Ne3 48. Bf3 g5 49. Kf2 f5 50. gxf5 Nxf5 51. Bd1 Nd4 52. Kg2 g4
0-1

[Event "2. Cerrado Club de Ajedrez Villaverde 2"]
[Site "Madrid ESP"]
[Date "2007.10.31"]
[Round "6.4"]
[White "Horcajada Reales, Guillermo"]
[Black "Lopez de Turiso, Jose Angel"]
[Result "1-0"]
[WhiteElo "2202"]
[BlackElo "2138"]
[PlyCount "95"]
[EventDate "2007.10.22"]
[EventType "tourn"]
[EventRounds "9"]
[EventCountry "ESP"]
[Source "lmi"]
[SourceDate "2007.10.22"]
[WhiteTeam "España"]
[BlackTeam "España"]
[WhiteTeamCountry "ESP"]
[BlackTeamCountry "ESP"]

1. d4 d5 2. c4 c6 3. Nf3 e6 4. Nc3 f5 5. g3 Nf6 6. Bg2 Be7 7. Bf4 O-O 8. Rc1
Qe8 9. Qa4 Nbd7 10. c5 Ne4 11. b4 Ndf6 12. Qb3 Nxc3 13. Rxc3 Ne4 14. Rc2 a5 15.
bxa5 Rxa5 16. a4 Bf6 17. Bc7 Ra8 18. O-O g5 19. Be5 g4 20. Ne1 Bxe5 21. dxe5
Qe7 22. Nd3 Qc7 23. f3 gxf3 24. exf3 Ng5 25. Ra1 Ra5 26. Qb6 Qxb6 27. cxb6 Bd7
28. Nc5 Bc8 29. h4 Nf7 30. f4 Re8 31. Nb3 Ra8 32. a5 Nd8 33. Kf2 Kf8 34. Nc5
Ke7 35. Rb2 Rg8 36. a6 bxa6 37. b7 Bxb7 38. Nxb7 Rb8 39. Rab1 Nf7 40. Nc5 Rb5
41. Nxa6 Rxb2+ 42. Rxb2 Ra8 43. Rb7+ Kf8 44. Nc5 Nd8 45. Rxh7 Ra2+ 46. Kg1 Rc2
47. Nd7+ Ke8 48. Nf6+ 1-0

[Event "2. Cerrado Club de Ajedrez Villaverde 2"]
[Site "Madrid ESP"]
[Date "2007.10.31"]
[Round "6.5"]
[White "Vega Gomez, Francisco B"]
[Black "Lopez-andujar Ocaña, Antonio"]
[Result "1-0"]
[WhiteElo "2123"]
[BlackElo "2162"]
[PlyCount "45"]
[EventDate "2007.10.22"]
[EventType "tourn"]
[EventRounds "9"]
[EventCountry "ESP"]
[Source "lmi"]
[SourceDate "2007.10.22"]
[WhiteTeam "España"]
[BlackTeam "España"]
[WhiteTeamCountry "ESP"]
[BlackTeamCountry "ESP"]

1. d4 Nf6 2. Nf3 e6 3. g3 d5 4. Bg2 Nbd7 5. O-O Bd6 6. Nbd2 O-O 7. c4 c6 8. Qc2
Re8 9. e4 dxe4 10. Ng5 e5 11. Ndxe4 Nxe4 12. Bxe4 h6 13. c5 Be7 14. Bh7+ Kf8
15. Nxf7 Qc7 16. Nh8 Bf6 17. Ng6+ Kf7 18. Nxe5+ Nxe5 19. dxe5 Qxe5 20. Bf4 Qe2
21. Qg6+ Kf8 22. Bd6+ Be7 23. Rae1 1-0

[Event "2. Cerrado Club de Ajedrez Villaverde 2"]
[Site "Madrid ESP"]
[Date "2007.11.05"]
[Round "7.1"]
[White "Lopez-andujar Ocaña, Antonio"]
[Black "Vazquez Gonzalez, Jesus"]
[Result "1-0"]
[WhiteElo "2162"]
[BlackElo "2049"]
[PlyCount "57"]
[EventDate "2007.10.22"]
[EventType "tourn"]
[EventRounds "9"]
[EventCountry "ESP"]
[Source "lmi"]
[SourceDate "2007.10.22"]
[WhiteTeam "España"]
[BlackTeam "España"]
[WhiteTeamCountry "ESP"]
[BlackTeamCountry "ESP"]

1. e4 c6 2. d4 g6 3. Nf3 Bg7 4. Be2 d5 5. e5 h5 6. c3 Nh6 7. Nbd2 O-O 8. Nb3 a5
9. Bg5 b6 10. Nh4 Nf5 11. Nxf5 Bxf5 12. O-O f6 13. exf6 exf6 14. Be3 Qd7 15.
Qd2 Kh7 16. Rae1 Na6 17. Bd3 Nc7 18. Qc2 Bxd3 19. Qxd3 Rae8 20. Nd2 Bh6 21. Nf3
Bxe3 22. Rxe3 Rxe3 23. fxe3 Qg4 24. Ne5 Qe4 25. Qxe4 dxe4 26. Nd7 Rf7 27. Nxf6+
Kh6 28. Ng4+ Kg7 29. Rxf7+ 1-0

[Event "2. Cerrado Club de Ajedrez Villaverde 2"]
[Site "Madrid ESP"]
[Date "2007.11.05"]
[Round "7.2"]
[White "Lopez de Turiso, Jose Angel"]
[Black "Vega Gomez, Francisco B"]
[Result "1-0"]
[WhiteElo "2138"]
[BlackElo "2123"]
[PlyCount "119"]
[EventDate "2007.10.22"]
[EventType "tourn"]
[EventRounds "9"]
[EventCountry "ESP"]
[Source "lmi"]
[SourceDate "2007.10.22"]
[WhiteTeam "España"]
[BlackTeam "España"]
[WhiteTeamCountry "ESP"]
[BlackTeamCountry "ESP"]

1. c4 Nf6 2. Nc3 d5 3. cxd5 Nxd5 4. g3 Nb6 5. Bg2 g6 6. d3 Bg7 7. Be3 O-O 8.
Qd2 Re8 9. Bh6 Bh8 10. h4 N8d7 11. h5 Nf6 12. hxg6 hxg6 13. Nf3 Ng4 14. Bg5 Bg7
15. Nh2 Nf6 16. O-O-O c6 17. Bh6 Bh8 18. Nf3 Ng4 19. Rh4 Nd5 20. Ne4 Ndf6 21.
Nfg5 Nxh6 22. Rxh6 Bg7 23. Rdh1 Qd4 24. R6h4 Nxe4 25. Bxe4 Qc5+ 26. Kb1 Bf5 27.
Rh7 Bxe4 28. Rxg7+ Kxg7 29. Rh7+ Kg8 30. Nxe4 Qxf2 31. Rh8+ Kxh8 32. Qh6+ Kg8
33. Nxf2 g5 34. Qxg5+ Kh7 35. Ne4 f6 36. Qh5+ Kg7 37. Nc5 e6 38. Nxb7 Rab8 39.
Nd6 Re7 40. Qg4+ Kf8 41. Qg6 Rg7 42. Qxf6+ Kg8 43. Qxe6+ Kh7 44. Nf5 Rgb7 45.
Qh6+ Kg8 46. Qg6+ Kh8 47. b3 a5 48. Nd6 Rg7 49. Nf7+ Kg8 50. Nh6+ Kh8 51. Qxc6
a4 52. Kc2 axb3+ 53. axb3 Rbb7 54. Kb2 Rbe7 55. e4 Rxg3 56. Qf6+ Reg7 57. Nf5
Rg2+ 58. Kc3 R2g6 59. Qd8+ Rg8 60. Qh4+ 1-0

[Event "2. Cerrado Club de Ajedrez Villaverde 2"]
[Site "Madrid ESP"]
[Date "2007.11.05"]
[Round "7.4"]
[White "Pastor Alonso De Prado, Alberto"]
[Black "Alonso Abad, Enrique"]
[Result "1-0"]
[WhiteElo "2145"]
[BlackElo "2122"]
[PlyCount "103"]
[EventDate "2007.10.22"]
[EventType "tourn"]
[EventRounds "9"]
[EventCountry "ESP"]
[Source "lmi"]
[SourceDate "2007.10.22"]
[WhiteTeam "España"]
[BlackTeam "España"]
[WhiteTeamCountry "ESP"]
[BlackTeamCountry "ESP"]

1. e4 e6 2. d4 d5 3. Nd2 Be7 4. Ngf3 Nf6 5. Bd3 c5 6. dxc5 dxe4 7. Nxe4 Nxe4 8.
Bxe4 Qxd1+ 9. Kxd1 Bxc5 10. Ke2 Nd7 11. Rd1 Nf6 12. Bg5 Be7 13. Bd3 h6 14. Bd2
O-O 15. c4 b6 16. Ne5 Bb7 17. f3 Rfd8 18. Bc3 Kf8 19. Bc2 Rxd1 20. Rxd1 Rd8 21.
Rxd8+ Bxd8 22. Ba4 Bc7 23. g3 h5 24. Bd1 Ba6 25. b3 b5 26. cxb5 Bxb5+ 27. Kd2
Nd5 28. Bd4 Ba5+ 29. Kc2 Nb4+ 30. Kb2 Bb6 31. Bxb6 axb6 32. a4 Be8 33. f4 f6
34. Nc4 Nd5 35. Bf3 Ke7 36. Bxd5 exd5 37. Ne3 Ke6 38. Kc3 g6 39. Kd4 Kd6 40.
Nxd5 Bf7 41. Nxb6 Bxb3 42. Nc4+ Kc7 43. a5 g5 44. h4 gxf4 45. gxf4 Bd1 46. Ne3
Bf3 47. Nd5+ Kb7 48. Nxf6 Ka6 49. Ke5 Kxa5 50. f5 Kb6 51. Kd6 Bg4 52. Nd5+ 1-0

[Event "2. Cerrado Club de Ajedrez Villaverde 2"]
[Site "Madrid ESP"]
[Date "2007.11.05"]
[Round "7.5"]
[White "Suarez Trigueros, Alfonso J"]
[Black "Sanchez Garcia, Aurelio"]
[Result "1/2-1/2"]
[WhiteElo "2173"]
[BlackElo "2120"]
[PlyCount "25"]
[EventDate "2007.10.22"]
[EventType "tourn"]
[EventRounds "9"]
[EventCountry "ESP"]
[Source "lmi"]
[SourceDate "2007.10.22"]
[WhiteTeam "España"]
[BlackTeam "España"]
[WhiteTeamCountry "ESP"]
[BlackTeamCountry "ESP"]

1. e4 e6 2. d4 d5 3. Nc3 Nf6 4. Bg5 Be7 5. e5 Nfd7 6. Bxe7 Qxe7 7. Nb5 Nb6 8.
a4 a6 9. a5 axb5 10. axb6 Rxa1 11. Qxa1 c6 12. Qa8 Qb4+ 13. c3 1/2-1/2